000 00537nam a2200229Ia 4500
003 OSt
005 20220912144327.0
006 a|||||r|||| 00| 0
007 ta
008 220909b |||||||| |||| 00| 0 eng d
020 _aSL01093564
024 _a193506
037 _cTextual
040 _aCSL
_beng
_cCSL
041 _aeng
082 _aB245, M7;2
100 _aaggarwal rs
245 0 _aText book on matrices
700 _aaggarwal rs
942 _hB245, M7;2
_cTEXL
_2CC
999 _c4975
_d4975